000
00247nam a22001097a 4500
040
_c
NUST
082
_a
297.09
_b
BAS
245
_a
Tareekh Islam
260
_a
Pakistan:
_b
Ever new Book,
_c
2000.
650
_a
Tareekh Islam
_9
124551
942
_2
ddc
_c
BK
999
_c
610376
_d
610376